'Super' Things Quiz Stats

 Plays Quiz Updated May 29, 2019

Score 0/16 Timer 04:00
14 Plays Today
% Correct
Superman
99.8%
Super Mario
99.1%
Super Glue
93.3%
Super Moon
92.2%
Supermarket
91.1%
Super Bowl
90.7%
Super foods
86.9%
Supernova
84%
% Correct
Super Nintendo
75%
Superbad
72.3%
Supersonic speed
70.2%
Super Troopers
54.4%
Supernatural
52.3%
Superintendent Chalmers
51.2%
Supervillains
28.5%
Superunknown
14.1%

You're not logged in!

Compare scores with friends on all Sporcle quizzes.
OR
Log In

Sporcle TV

Today on Sporcle TV


Watch our educational content, quiz creation guides, and fun videos on Sporcle TV.

Show Comments

Extras

Top Quizzes Today


Score Distribution

Your Account Isn't Verified!

In order to create a playlist on Sporcle, you need to verify the email address you used during registration. Go to your Sporcle Settings to finish the process.

Report this User

Report this user for behavior that violates our Community Guidelines.

Details: